Rainwater harvesting : (Registro nro. 5613)

Detalles MARC
000 -CABECERA
Campo de control 00819nam a2200241 a 4500
005 - FECHA Y HORA DE LA ULTIMA TRANSACCION
Campo de control 20160220091102.0
008 - ELEMENTOS DE LONGITUD FIJA—INFORMACION GENERAL
Campo de control 160220r1991 - abd fr|||| 001 0 eng d
020 ## - ISBN
ISBN 0946688222
040 ## - FUENTE DE CATALOGACIÓN
Agencia catalogadora original CO-BoIAVH
Agencia transcriptora CO-BoIAVH
041 0# - IDIOMA
Código de idioma para texto/pista de sonido o título separado Inglés
044 ## - PAÍS DE PUBLICACIÓN
País de publicación Inglaterra
082 04 - NUMERO DE CLASIFICACION DECIMAL DEWEY
Número de clasificación 551.577
Número del ítem P11r
100 1# - ASIENTO PRINCIPAL--NOMBRE PERSONAL
Nombre personal Pacey, Arnold
9 (RLIN) 61567
245 10 - MENCION DE TITULO
Título Rainwater harvesting :
Parte restante del título the colection of rainfall and run-off in rural areas
260 ## - PUBLICACION, DISTRIBUCION, ETC. (PIE DE IMPRENTA)
Lugar de publicación, distribución, etc. London :
Nombre del editor, distribuidor, etc. Intermediate Technology Publications,
Fecha de publicación, distribución, etc. c1986.
300 ## - DESCRIPCION FISICA
Extensión 216 páginas :
Otros detalles físicos Ilustraciones, mapas, fotografías ;
Dimensiones 24 x 16 cm
504 ## - NOTA DE BIBLIOGRAFIA, ETC.
Nota de bibliografía Incluye referencias bibliográficas páginas: [196]-207.
650 16 - ASIENTO SECUNDARIO DE MATERIA - TERMINO TEMATICO
Término temático o nombre geográfico como elemento de entrada Agua
Subdivisión general Preservación
9 (RLIN) 61568
650 26 - ASIENTO SECUNDARIO DE MATERIA - TERMINO TEMATICO
Término temático o nombre geográfico como elemento de entrada Utilización del agua.
9 (RLIN) 61569
650 16 - ASIENTO SECUNDARIO DE MATERIA - TERMINO TEMATICO
Término temático o nombre geográfico como elemento de entrada Agua de lluvia
9 (RLIN) 61570
700 1# - ASIENTO SECUNDARIO - NOMBRE PERSONAL
Nombre personal Cullis, Adrian
9 (RLIN) 61571
942 ## - ELEMENTOS ADICIONALES (KOHA)
Tipo de ítem Libro
Sistema de clasificación Dewey Decimal Classification
Existencias
Withdrawn status Lost status Sistema de Clasificación Damaged status No para préstamo Colección Inventariado Ubicación Permanente Ubicación actual Fecha de adquisición Fuente de Valor Valor Total Checkouts Número topográfico Inventario / Código de Barras Date last seen Ejemplar Price effective from Forma de adquisición Tipo de material
    Dewey Decimal Classification     General Inventariado 2017 Bogotá Bogotá 14/06/2007 Instituto 39000.00   LB-551.577 P11r 024514 04/12/2012 Ej.1 04/12/2012   Libro